00885 2200325 4500001002100000005001500021035002000036007000300056040001700059100002400076245005600100250001300156300003800169504002500207020002200232041000800254082000800262084001400270090002000284264003900304336002100343337003000364338002300394500002900417650001200446700002800458850001000486008004100496990002200537INLIS00000000000778020260529041803 a0010-0922000269ta aSBPUPADbind0 aZul MunaePengarang1 aBudidaya Jambu Air Citra Asli Indonesia /cZul Muna a.- cet.1 ax, 115 hlm :bilus. ;c15 x 20 cm aBibliografi, hlm 113 a978-602-70501-4-307aind a634 a634 ZUL b a634 ZUL b L18-9 a.--Yogyakarta :bSalma Idea,c2017 2rdacontentateks 2rdamediaatanpa perantara 2rdacarrieravolume aTentang Penulis, hlm 115 4aTanaman0 aEditor, HaqiePengarang aPUPAD260529 0  a30.132/B/DPK/2018